| 000 | 00423cam a2200169ua 4500 | ||
|---|---|---|---|
| 020 | _c2.25 | ||
| 041 |
_amal _h |
||
| 082 |
_a894.812 _bHAR/MA |
||
| 100 | _aHari Sharma , A D . | ||
| 245 |
_aMalayala sahityam / _cA D Hari Sharma. _hTextual Documents |
||
| 260 |
_aThuravoor : _bSree Narasimha Vilasam Book Depot , _c1989. |
||
| 300 | _a ; . | ||
| 365 | _a2.25 | ||
| 504 | _a | ||
| 942 | _cBK | ||
| 999 |
_c6214 _d6214 |
||